Dinámica de la inflación y de la hiperinflación en un modelo de equilibrio de cartera con ingresos fisclaes endógenos. (Registro nro. 15115)

Detalles MARC
000 -LEADER
fixed length control field 00402 a2200109 4500
001 - CONTROL NUMBER
control field ART_17812
005 - DATE AND TIME OF LATEST TRANSACTION
control field 20260410161700.0
008 - FIXED-LENGTH DATA ELEMENTS--GENERAL INFORMATION
fixed length control field 260409a
100 1# - MAIN ENTRY--PERSONAL NAME
Personal name Escudé, Guillermo J.
245 10 - TITLE STATEMENT
Title Dinámica de la inflación y de la hiperinflación en un modelo de equilibrio de cartera con ingresos fisclaes endógenos.
773 0# - HOST ITEM ENTRY
Title Ensayos Económicos
Related parts - Nº 36 (dic. 1985)
Record control number REV620

No hay ítems disponibles.